000 00693nam a2200217Ii 4500
003 JO-AjNU
008 230605s9999||||xx |||||||||||||| ||und||
017 _a1983/10/513
040 _aJO-AjNU
_bara
_erda
_cJO-AjNU
041 _aara
050 1 4 _aPJ7601.T3478 1986
100 3 _aصالح،طلال تأليف ؛ سرطاوي،معاذ م.مشارك,
_eauthor
_918886
245 0 0 _aمختارات من النصوص الأدبية
250 _aط2
264 3 1 _aعمان:الأردن،1986
300 _a156ص
336 _atext
_btxt
_2rdacontent
337 _aunmediated
_bn
_2rdamedia
338 _avolume
_bnc
_2rdacarrier
650 4 _aالأدب العربي - مجموعات
_918887
999 _aA6124
_c9692
_d9692